|
|
|
|
| LEADER |
00000nam a22000007a 4500 |
| 005 |
20210909233437.0 |
| 007 |
cr|||| |||| |
| 008 |
210909s2011 ca |||||s|||| 00||0 eng d |
| 020 |
|
|
|a 978-1-55221-213-4
|
| 035 |
|
|
|a 20685
|
| 040 |
|
|
|a vLex
|
| 090 |
|
|
|c 12386
|d 12386
|
| 100 |
1 |
|
|a Osborne, Philip H.
|
| 245 |
1 |
0 |
|a Irwin Law: The Law of Torts
|h [Recurso electrn̤ico] /
|c Philip H. Osborne
|
| 250 |
|
|
|a Cuarta Edicin̤
|
| 256 |
|
|
|a Servicio en ln̕ea
|
| 260 |
|
|
|a Toronto:
|b Irwin Law Inc.,
|c 2011
|
| 300 |
|
|
|a 1 recurso electrn̤ico
|
| 506 |
1 |
|
|a Disponible solo en los productos indicados
|d vLex Global
|d vLex Global (Academic Edition, excluding Law Schools)
|d vLex Global (U.S. Academic Edition, Law Schools)
|d vLex Global (U.S. Academic Edition, excluding Law Schools)
|d vLex Global (Academic Edition, Law Schools)
|
| 650 |
0 |
4 |
|a Derecho Civil
|z Canad̀
|
| 740 |
0 |
|
|a vLex Libros (Servicio en ln̕ea)
|
| 856 |
4 |
0 |
|u https://app.vlex.com/#/sources/20685
|z Acceso restringido
|
| 942 |
|
|
|c BOOK
|
| 999 |
0 |
|
|a Civil Law
|